M. Zeman: Budem spolupracovať s každou slovenskou vládou

Rozhovor s predsedom českej vlády M. Zemanom. Úroveň hospodárskych vzťahov medzi Českom a Slovenskom. Úloha politiky v česko-slovenských vzťahoch. Problém nedodelenosti majetku česko-slovenskej federácie. Opozícia strany V. Klausa (ODS) vláde M. Zemana.

Saved in:
Bibliographic Details
Main Author: Csontosová, Marta
Other Authors: Zeman, Miloš
Format: Book Chapter
Language:Slovak
Subjects:
Tags: Add Tag
No Tags, Be the first to tag this record!

MARC

LEADER 00000naa a2200000 4500
001 r033151
005 20230921102146.8
041 0 |a slo 
044 |a SK 
245 1 0 |a M. Zeman: Budem spolupracovať s každou slovenskou vládou  |c Marta Csontosová, Miloš Zeman 
520 |a Rozhovor s predsedom českej vlády M. Zemanom. Úroveň hospodárskych vzťahov medzi Českom a Slovenskom. Úloha politiky v česko-slovenských vzťahoch. Problém nedodelenosti majetku česko-slovenskej federácie. Opozícia strany V. Klausa (ODS) vláde M. Zemana. 
610 2 0 |a spolupráca hospodárska medzinárodná 
610 2 0 |a politika 
610 2 0 |a vláda 
610 2 0 |a Slovensko 
610 2 0 |a Česko 
610 2 0 |a vzťahy hospodárske medzinárodné 
100 1 |a Csontosová, Marta 
700 1 |a Zeman, Miloš